Les Sensei d'anime - Statistiques

Statistiques générales
  • Ce quiz a été pris 130 fois
  • Le résultat moyen est 5 sur 14
Statistiques - réponses
Hint Réponse % Correct
My Hero Academia All Might
66%
Assassination classroom Koro Sensei
57%
One Piece Rayleigh
55%
GTO Eikichi Onizuka
50%
Jujutsu Kaisen Gojo Satoru
46%
Naruto Kakashi Hatake
45%
Dragon Ball Tortue Géniale
40%
Black Clover Yami
36%
Hunter x Hunter Biscuit
31%
Bleach Kisuke Urahara
26%
Demon Slayer Sakonji Urokodaki
19%
FMAB Izumi Curtis
7%
Fairy Tail Makarov Draer
2%
Gintama Shoyo Yoshida
2%
Aucun quiz correspondant
Distribution des résultats
% des personnes avec chaque résultat
Percentile par nombre de réponses
Votre historique - résultats
Vous n’avez pas pris ce quiz